Cicerón : las leyes.

-д хадгалсан:
Номзүйн дэлгэрэнгүй
Үндсэн зохиолч: Labrousse, Roger, trad (autor)
Формат: Ном
Хэл сонгох:испани
Нөхцлүүд:
Шошгууд: Шошго нэмэх
Шошго байхгүй, Энэхүү баримтыг шошголох эхний хүн болох!

MARC

LEADER 00000nam^a2200000^u^4500
001 000518996
005 20250521000000.0
008 110927s1000^^^^^^^^^^^^r^^^^^000^0^spa^d
009 20260310130430.126
022 |a 8420604208 
035 |a FCE 000063228 
037 |a Acervo ITESO - Biblioteca 
041 |a spa 
082 0 4 |a 808.51  |b LABc 
100 |a Labrousse, Roger,  |d trad  |e (autor) 
245 1 0 |a Cicerón :  |b las leyes. 
264 |a Madrid :  |b Alianza editorial,  |c 1989. 
300 |a 280 p. 
336 |a texto  |b txt  |2 rdacontenido 
337 |a sin mediación  |b n  |2 rdamedio 
338 |a volumen  |b nc  |2 rdasoporte 
649 |a XX 
650 |a Cicerón, Marco Tulio 
650 |a Historia 
650 |a Leyes 
910 |a Fondo Centro de Estudios Educativos 
920 |a Impresos - Libros 
930 |a Fondos Especiales 
905 |a 133 
901 |a ALE071139  |b IT2  |c CEE  |u 20250521 
902 |a https://opac.biblio.iteso.mx/vufind/Record/000518996